zpět

Detail výsledku týmu

Chicago Bar & Grill ČT, Liberec

Datum a čas kvízu

18 Celkem bodů Celkový počet nahraných bodů na tomto kvízu bez doplňovacích otázek.
7. Pořadí na kvízu Konečné umístění týmu na tomto kvízu.

Zaznamenané odpovědi

# Otázka Odpověď Body Výsledky
1. Poblíž nájezdu na dálnici D6 k... Sokolov 0
2. V jihoitalské Apulii se konal... papeže 0
3. Minulý týden vyšel první video... Monkey Business 0
4. Zavedená česká společnost ozná... Seznam 0
5. Zastupitelé nejmenovaného měst... Havířov, David Pastrňák 0.5
6. Téma začneme u Arnolda Schwarz... Olympia, Universe 0.5
7. George Weah byl v letech 2018... AC Milán 1
8. Ve kterém sportu reprezentoval... skoky na lyžích 0
9. Také hokejisty to táhne po kon... mistrovství světa, olympijské hry, Stanley Cup 1
10. Pavel Bém je bývalým pražským... Koruna planety (též Koruna zeměkoule, Koruna světa) 0